[Event "ODEM U25B 2013"]
[Site "Oberhof GER"]
[Date "2013.05.25"]
[Round "9"]
[White "Schilay, Lorenz"]
[Black "Gheng, Christian"]
[Result "0-1"]
[Termination "normal"]
[Board "1"]
[WhiteElo "1543"]
[BlackElo "1696"]
[PlyCount "124"]
[WhiteFideId "12930180"]
[BlackFideId "24660345"]
[EventCountry "GER"]
[EventRounds "9"]
[EventType "swiss"]
[EventDate "2013.05.18"]

1. e4 e5 2. Nf3 Nc6 3. Nc3 Nf6 4. a3 d5 5. Bb5 d4 6. Ne2 Bd7 7. d3 Bd6 8. Ng3
Ne7 9. Bxd7+ Qxd7 10. Bg5 Nfg8 11. c3 f6 12. Bc1 c5 13. c4 h5 14. h4 g6 15. Qe2
Nc6 16. Kd1 Na5 17. Qc2 Ne7 18. Bd2 Nac6 19. b3 Rb8 20. Rb1 a5 21. a4 b6 22.
Rh3 Kd8 23. Ne1 Kc8 24. Qb2 Kb7 25. Nc2 Rbf8 26. f3 Nb4 27. Nxb4 cxb4 28. Be1
f5 29. Qe2 f4 30. Nf1 Nc6 31. g4 hxg4 32. fxg4 Bc7 33. Qf3 Qh7 34. Rb2 Qf7 35.
Nh2 Bd8 36. Nf1 g5 37. h5 Rh6 38. Nh2 Rfh8 39. Qg2 Nb8 40. Nf3 Qe6 41. Rd2 Na6
42. Kc2 Nc5 43. Rh1 Be7 44. Bf2 Qd6 45. Re1 Rc8 46. Kb2 b5 47. Ra1 bxa4 48.
bxa4 Bf6 49. Nxd4 Qd7 50. Nf5 Nxd3+ 51. Kb3 Qe6 52. Rc2 Rh7 53. Rd1 Rd7 54. Qf1
Rcd8 55. h6 Nc5+ 56. Bxc5 Rxd1 57. Qe2 R1d3+ 58. Kb2 b3 59. Nd6+ R8xd6 60. Bxd6
Qxd6 61. c5 Qd4+ 62. Kc1 Qa1# 0-1

[Event "ODEM U25B 2013"]
[Site "Oberhof GER"]
[Date "2013.05.25"]
[Round "9"]
[White "Grüninger, Maxim"]
[Black "Pixa, Ulrich"]
[Result "0-1"]
[Termination "normal"]
[Board "2"]
[WhiteElo "1445"]
[BlackElo "1518"]
[PlyCount "80"]
[WhiteFideId "12942960"]
[BlackFideId "4697723"]
[EventCountry "GER"]
[EventRounds "9"]
[EventType "swiss"]
[EventDate "2013.05.18"]

1. e4 e5 2. Nf3 Nc6 3. d4 exd4 4. Nxd4 Bc5 5. Be3 Qf6 6. Nb5 Bxe3 7. fxe3 Qh4+
8. g3 Qd8 9. Qg4 g6 10. Qf4 d6 11. Bc4 Ne5 12. O-O Be6 13. Bxe6 fxe6 14. Nd2
Ne7 15. Rf2 Qd7 16. a4 a6 17. Nd4 O-O-O 18. b4 Rhg8 19. Rff1 g5 20. Qf2 h5 21.
h3 b6 22. Qe2 Kb7 23. c4 c5 24. bxc5 dxc5 25. N4b3 Qd3 26. Qxd3 Rxd3 27. Rfe1
Rf8 28. Rab1 Kc7 29. a5 Nc8 30. axb6+ Nxb6 31. Nxc5 Rd6 32. Nxa6+ Kc8 33. c5
Rxd2 34. Rxb6 Rff2 35. Rb8+ Kd7 36. Rb7+ Kd8 37. Rb8+ Ke7 38. Rb7+ Kf6 39. Rf1
Nf3+ 40. Kh1 Rh2# 0-1

[Event "ODEM U25B 2013"]
[Site "Oberhof GER"]
[Date "2013.05.25"]
[Round "9"]
[White "Morio, Estelle"]
[Black "Preißler, Niklas"]
[Result "0-1"]
[Termination "normal"]
[Board "3"]
[WhiteElo "1322"]
[BlackElo "1746"]
[PlyCount "114"]
[WhiteFideId "12951951"]
[BlackFideId "12927554"]
[EventCountry "GER"]
[EventRounds "9"]
[EventType "swiss"]
[EventDate "2013.05.18"]

1. f4 e5 2. fxe5 d6 3. Nf3 dxe5 4. e4 Nc6 5. Bb5 Bd7 6. O-O Bc5+ 7. Kh1 Qe7 8.
Nc3 Nf6 9. d3 O-O-O 10. a3 Nd4 11. Bxd7+ Rxd7 12. b4 Nxf3 13. Qxf3 Bd4 14. Bb2
Kb8 15. Na4 Bxb2 16. Nxb2 h5 17. Nc4 Ng4 18. Qg3 f6 19. Rf5 Qe8 20. a4 Nh6 21.
Rff1 Rg8 22. a5 Nf7 23. a6 b6 24. Qe1 Nd6 25. Na3 Qc8 26. b5 c6 27. bxc6 Qxc6
28. Qb4 Rc8 29. Rab1 Qc5 30. Rfc1 Qxb4 31. Rxb4 Rc5 32. Kg1 Ra5 33. Nc4 Nxc4
34. Rxc4 Rc7 35. Rb4 Rxa6 36. c4 Ra3 37. Rd1 Rd7 38. c5 Kc7 39. cxb6+ axb6 40.
Rc1+ Kb7 41. Rcb1 Rd6 42. R4b3 Rxb3 43. Rxb3 Rc6 44. Rb2 Rc5 45. Kf2 b5 46. Ke3
Kb6 47. Kd2 Rc7 48. Rb1 Ra7 49. Rb2 Ra4 50. Kc3 Ra3+ 51. Kd2 Ka5 52. Ke3 b4 53.
Kd2 Ka4 54. Kc2 Rc3+ 55. Kd2 Ka3 56. Rb1 Rc7 57. h3 b3 0-1

[Event "ODEM U25B 2013"]
[Site "Oberhof GER"]
[Date "2013.05.25"]
[Round "9"]
[White "Arnold, Leander"]
[Black "Reimann, Matthias"]
[Result "0-1"]
[Termination "normal"]
[Board "4"]
[WhiteElo "1435"]
[BlackElo "1626"]
[PlyCount "64"]
[WhiteFideId "12990230"]
[BlackFideId "12928046"]
[EventCountry "GER"]
[EventRounds "9"]
[EventType "swiss"]
[EventDate "2013.05.18"]

1. d4 Nf6 2. Nd2 g6 3. e4 d6 4. f4 Bg7 5. Ngf3 O-O 6. Bc4 c6 7. c3 Qc7 8. Bb3
b5 9. O-O e6 10. h3 Bb7 11. g4 c5 12. e5 Nd5 13. Bxd5 Bxd5 14. h4 Nc6 15. a3
dxe5 16. fxe5 cxd4 17. cxd4 Qb6 18. Nb3 Bxb3 19. Qxb3 Nxd4 20. Qe3 Nxf3+ 21.
Rxf3 Qxe3+ 22. Rxe3 Rfd8 23. Re1 Rd4 24. Kh2 Rxg4 25. Kh3 h5 26. Bg5 Rc8 27.
Re2 Rcc4 28. Rd1 Rcd4 29. Rc1 Rd3+ 30. Kh2 Rd5 31. Rc8+ Kh7 32. Rf2 Bxe5+ 0-1

[Event "ODEM U25B 2013"]
[Site "Oberhof GER"]
[Date "2013.05.25"]
[Round "9"]
[White "Usczeck, Alina"]
[Black "Hesse, Henrik"]
[Result "0-1"]
[Termination "normal"]
[Board "5"]
[WhiteElo "1380"]
[BlackElo "1701"]
[PlyCount "60"]
[WhiteFideId "12938114"]
[BlackFideId "12952060"]
[EventCountry "GER"]
[EventRounds "9"]
[EventType "swiss"]
[EventDate "2013.05.18"]

1. e4 e5 2. Nf3 Nf6 3. Nc3 Nc6 4. d4 exd4 5. Nxd4 Nxd4 6. Qxd4 d6 7. Bd3 Be7 8.
Bd2 Be6 9. O-O O-O 10. Be2 Nd7 11. Nd5 Bf6 12. Nxf6+ Qxf6 13. Qxf6 Nxf6 14. f3
Nd7 15. Bc3 Rfe8 16. Rad1 Nb6 17. Rd4 d5 18. Bd3 c5 19. Rxd5 Bxd5 20. exd5 Nxd5
21. Bd2 a6 22. a3 Rad8 23. Kf2 Nf6 24. Be3 Nd7 25. Rd1 b5 26. c4 Ne5 27. Be2
Rxd1 28. Bxd1 Nd3+ 29. Ke2 Nxb2 30. Bc2 Nxc4 0-1

[Event "ODEM U25B 2013"]
[Site "Oberhof GER"]
[Date "2013.05.25"]
[Round "9"]
[White "Finkous, Robert"]
[Black "Vinogradov, Anatoli"]
[Result "1/2-1/2"]
[Termination "normal"]
[Board "6"]
[WhiteElo "1481"]
[BlackElo "1410"]
[PlyCount "63"]
[WhiteFideId "12979490"]
[BlackFideId "12977802"]
[EventCountry "GER"]
[EventRounds "9"]
[EventType "swiss"]
[EventDate "2013.05.18"]

1. e4 e5 2. d4 exd4 3. c3 dxc3 4. Bc4 cxb2 5. Bxb2 Bb4+ 6. Kf1 Ne7 7. Qb3 d5 8.
exd5 Qd6 9. a3 Bc5 10. Nc3 Qb6 11. Bb5+ Bd7 12. Bxd7+ Nxd7 13. Qxb6 Nxb6 14.
Ne4 Bd6 15. Bxg7 O-O-O 16. Bxh8 Rxh8 17. Nxd6+ cxd6 18. Rc1+ Kd7 19. Nf3 Nbxd5
20. g3 h6 21. Ke2 b5 22. Rhd1 a5 23. Nd4 Rb8 24. Rd3 b4 25. axb4 axb4 26. Rb1
Rc8 27. Kf3 Rc4 28. Ne2 Kc6 29. Rd4 Rxd4 30. Nxd4+ Kc5 31. Nb3+ Kc4 32. Na5+
1/2-1/2

[Event "ODEM U25B 2013"]
[Site "Oberhof GER"]
[Date "2013.05.25"]
[Round "9"]
[White "Gose, Paul-Lukas"]
[Black "Lang, Thomas"]
[Result "1-0"]
[Termination "normal"]
[Board "7"]
[WhiteElo "1475"]
[BlackElo "1210"]
[PlyCount "91"]
[WhiteFideId "34688994"]
[BlackFideId "12982520"]
[EventCountry "GER"]
[EventRounds "9"]
[EventType "swiss"]
[EventDate "2013.05.18"]

1. d4 Nf6 2. c4 e6 3. Nc3 d5 4. Bg5 Be7 5. Nf3 b6 6. e3 Bb7 7. Rc1 Nbd7 8. Be2
Rc8 9. O-O h6 10. Bh4 g5 11. Bg3 Nf8 12. Ne5 Ng6 13. cxd5 exd5 14. Nxg6 fxg6
15. Nb5 Bd6 16. Bxd6 cxd6 17. Rxc8 Bxc8 18. Nxa7 Bf5 19. Qa4+ Bd7 20. Bb5 O-O
21. Bxd7 Qxd7 22. Qxd7 Nxd7 23. Nb5 Rf6 24. Rc1 Kf7 25. Rc7 Ke7 26. Nc3 Ke6 27.
Nxd5 Kxd5 28. Rxd7 Kc6 29. Ra7 Rf5 30. Ra4 Ra5 31. Rxa5 bxa5 32. Kf1 Kd5 33.
Ke2 Ke4 34. f3+ Kd5 35. Kd3 h5 36. e4+ Kc6 37. Kc4 g4 38. fxg4 hxg4 39. e5 d5+
40. Kb3 Kb5 41. e6 Kc6 42. Ka4 Kd6 43. Kxa5 Kxe6 44. Kb6 Kf5 45. a4 Ke4 46. Kc5
1-0

[Event "ODEM U25B 2013"]
[Site "Oberhof GER"]
[Date "2013.05.25"]
[Round "9"]
[White "Rank, Thomas"]
[Black "Dittrich, Tom"]
[Result "1/2-1/2"]
[Termination "normal"]
[Board "8"]
[WhiteElo "1407"]
[BlackElo "1648"]
[PlyCount "42"]
[WhiteFideId "12967351"]
[BlackFideId "12923532"]
[EventCountry "GER"]
[EventRounds "9"]
[EventType "swiss"]
[EventDate "2013.05.18"]

1. e4 c5 2. Nf3 d6 3. d4 cxd4 4. Nxd4 Nf6 5. Nc3 a6 6. Bg5 e6 7. Qe2 Qb6 8.
O-O-O Nc6 9. Nb3 Bd7 10. Bxf6 gxf6 11. Qh5 Qxf2 12. g4 Qf4+ 13. Kb1 Qg5 14. Qh3
O-O-O 15. Be2 Be7 16. Qg2 Na5 17. h4 Qe5 18. Rhf1 Nxb3 19. axb3 Qc5 20. g5 Rdg8
21. Qh3 fxg5 1/2-1/2

[Event "ODEM U25B 2013"]
[Site "Oberhof GER"]
[Date "2013.05.25"]
[Round "9"]
[White "Sherif, Malik"]
[Black "Rose, Luis Stratos"]
[Result "1/2-1/2"]
[Termination "normal"]
[Board "9"]
[WhiteElo "1440"]
[BlackElo "1380"]
[PlyCount "54"]
[WhiteFideId "12911755"]
[BlackFideId "12976008"]
[EventCountry "GER"]
[EventRounds "9"]
[EventType "swiss"]
[EventDate "2013.05.18"]

1. e4 g6 2. d4 Bg7 3. Nc3 d6 4. Bc4 Nf6 5. Qe2 O-O 6. e5 dxe5 7. dxe5 Ne8 8. e6
f5 9. Nf3 Nc6 10. Bf4 Nd6 11. Rd1 Qe8 12. Nd5 Qd8 13. Bxd6 cxd6 14. c3 Ne5 15.
Nxe5 Bxe5 16. f4 Bg7 17. h4 h5 18. Rd3 a6 19. Re3 b5 20. Bb3 Bb7 21. Qf3 Rb8
22. Qg3 Kh7 23. Qf2 Bxd5 24. Bxd5 Qb6 25. Rd3 Qxf2+ 26. Kxf2 Rfc8 27. Ke3 b4
1/2-1/2

[Event "ODEM U25B 2013"]
[Site "Oberhof GER"]
[Date "2013.05.25"]
[Round "9"]
[White "Walter, Daniel"]
[Black "Schramm, Anna-Lena"]
[Result "1-0"]
[Termination "normal"]
[Board "10"]
[WhiteElo "1338"]
[BlackElo "1420"]
[PlyCount "65"]
[WhiteFideId "12983110"]
[BlackFideId "12918237"]
[EventCountry "GER"]
[EventRounds "9"]
[EventType "swiss"]
[EventDate "2013.05.18"]

1. e4 e5 2. Bc4 Nc6 3. Nf3 Bc5 4. c3 Nf6 5. d4 exd4 6. cxd4 Bb4+ 7. Bd2 Bxd2+
8. Nbxd2 O-O 9. O-O d6 10. d5 Ne7 11. Qb3 Rb8 12. h3 Ng6 13. Rfe1 Re8 14. Qc3
Bd7 15. Re3 Ne5 16. Nxe5 dxe5 17. Nf3 Qe7 18. Rc1 c6 19. Qd2 cxd5 20. exd5 Qd6
21. Rce1 Rbc8 22. Bb3 Bb5 23. Rxe5 Rxe5 24. Rxe5 Bc4 25. Bxc4 Rxc4 26. g3 Rc5
27. Qe3 h6 28. Kh1 Nxd5 29. Re8+ Kh7 30. Qd3+ Qg6 31. Qxg6+ Kxg6 32. Ne5+ Kf6
33. Nd7+ 1-0

[Event "ODEM U25B 2013"]
[Site "Oberhof GER"]
[Date "2013.05.25"]
[Round "9"]
[White "Hagenbeck-Hübert, Lara"]
[Black "Wagner, Swenja"]
[Result "0-1"]
[Termination "normal"]
[Board "11"]
[WhiteElo "1338"]
[BlackElo "1248"]
[PlyCount "78"]
[WhiteFideId "12964484"]
[BlackFideId "12900494"]
[EventCountry "GER"]
[EventRounds "9"]
[EventType "swiss"]
[EventDate "2013.05.18"]

1. d4 d5 2. Nf3 e6 3. Bf4 Nf6 4. e3 c5 5. c3 Nc6 6. Bd3 c4 7. Bc2 Bd6 8. Bg3
O-O 9. O-O Re8 10. Nbd2 Qc7 11. Re1 e5 12. dxe5 Nxe5 13. Bh4 Be7 14. Bxf6 Bxf6
15. Nxe5 Bxe5 16. Qh5 g6 17. Qh4 Bg7 18. Nf3 h6 19. Rad1 Be6 20. Ba4 Red8 21.
Nd4 Bd7 22. Qe7 Bf8 23. Nb5 Qa5 24. Qe5 Bxb5 25. Bxb5 Qxb5 26. Rb1 Qe8 27. Qxe8
Rxe8 28. Rbd1 Red8 29. a3 b5 30. g3 a5 31. Rd2 b4 32. a4 bxc3 33. bxc3 Bg7 34.
Rc1 Rab8 35. Rcd1 Bxc3 36. Rxd5 Rxd5 37. Rxd5 Bb4 38. Kf1 c3 39. Rd4 Rc8 0-1

[Event "ODEM U25B 2013"]
[Site "Oberhof GER"]
[Date "2013.05.25"]
[Round "9"]
[White "Schier, Lukas"]
[Black "Frohnhäuser, Simon"]
[Result "0-1"]
[Termination "normal"]
[Board "12"]
[WhiteElo "1327"]
[BlackElo "1418"]
[PlyCount "80"]
[BlackFideId "16208528"]
[EventCountry "GER"]
[EventRounds "9"]
[EventType "swiss"]
[EventDate "2013.05.18"]

1. e4 c5 2. Nf3 d6 3. g3 Nf6 4. d3 a6 5. c3 e6 6. Bg2 Be7 7. O-O O-O 8. Re1
Nbd7 9. Nbd2 Qc7 10. Qc2 Rb8 11. b3 b5 12. c4 Bb7 13. Bb2 Rfe8 14. d4 cxd4 15.
Bxd4 e5 16. Bb2 bxc4 17. Nxc4 Nb6 18. Nfd2 Rec8 19. Qd3 Nfd7 20. Nxb6 Nxb6 21.
Rac1 Qd7 22. Rxc8+ Rxc8 23. Rc1 Rxc1+ 24. Bxc1 Qc6 25. Bb2 Bg5 26. Nf3 Bf6 27.
Qc3 Qxc3 28. Bxc3 Bxe4 29. Kf1 Nd5 30. Bb2 Nb4 31. Ba3 Bd3+ 32. Kg1 a5 33. Nd2
Bg5 34. Nc4 Bxc4 35. bxc4 Kf8 36. Kf1 Ke7 37. h4 Bd2 38. Ke2 Bc3 39. Kd1 Bd4
40. f3 Nxa2 0-1

[Event "ODEM U25B 2013"]
[Site "Oberhof GER"]
[Date "2013.05.25"]
[Round "9"]
[White "Stockter, Jasper Enno"]
[Black "Silber, Kevin"]
[Result "0-1"]
[Termination "normal"]
[Board "13"]
[WhiteElo "1239"]
[BlackElo "1542"]
[PlyCount "76"]
[WhiteFideId "12957291"]
[BlackFideId "12930440"]
[EventCountry "GER"]
[EventRounds "9"]
[EventType "swiss"]
[EventDate "2013.05.18"]

1. e4 c6 2. d4 d5 3. Nc3 dxe4 4. Nxe4 Bf5 5. f3 e6 6. Ne2 Nd7 7. Bf4 Ngf6 8.
N2c3 Nb6 9. a3 Nfd5 10. Nxd5 Nxd5 11. Bg3 Qa5+ 12. b4 Qb6 13. Be2 a5 14. O-O
Ne3 15. Qd2 Nxf1 16. Rxf1 axb4 17. axb4 Bxb4 18. Nd6+ Kd7 19. Nc4 Bxd2 20.
Nxb6+ Ke7 21. Nxa8 Rxa8 22. Rb1 b5 23. Kf2 Ra2 24. Bd3 Bxd3 25. cxd3 Bf4+ 26.
Kf1 Bxg3 27. hxg3 Kd6 28. Rc1 Kd5 29. Rc5+ Kd6 30. Kg1 b4 31. Kh2 b3 32. Rc1 b2
33. Rb1 Kd5 34. g4 Kxd4 35. Kg3 Kxd3 36. Kf2 Kc2 37. Rxb2+ Rxb2 38. Kg3 c5 0-1

[Event "ODEM U25B 2013"]
[Site "Oberhof GER"]
[Date "2013.05.25"]
[Round "9"]
[White "Grund, Melanie"]
[Black "Granzin, David"]
[Result "0-1"]
[Termination "normal"]
[Board "14"]
[WhiteElo "1186"]
[BlackElo "1391"]
[PlyCount "62"]
[WhiteFideId "12988804"]
[BlackFideId "12922145"]
[EventCountry "GER"]
[EventRounds "9"]
[EventType "swiss"]
[EventDate "2013.05.18"]

1. d4 d5 2. e3 Nf6 3. Bd3 c5 4. c3 e6 5. f4 Nc6 6. Nd2 Be7 7. Ngf3 Qc7 8. O-O
Bd7 9. Ne5 Rf8 10. b3 O-O-O 11. Bb2 Kb8 12. Nxc6+ Bxc6 13. c4 h5 14. h3 Rg8 15.
Nf3 Nd7 16. a3 g5 17. dxc5 Nxc5 18. Be5 Bd6 19. Bxd6 Rxd6 20. Nxg5 dxc4 21.
bxc4 Rxd3 22. Qxh5 f6 23. Nf3 Ne4 24. Qh4 Ng3 25. Rf2 Rxe3 26. Nd4 Nf5 27.
Nxc6+ Qxc6 28. Qxf6 Reg3 29. Raa2 Ne3 30. Rf3 Qxf3 31. Qe5+ Ka8 0-1

[Event "ODEM U25B 2013"]
[Site "Oberhof GER"]
[Date "2013.05.25"]
[Round "9"]
[White "Reyher, Susan"]
[Black "Steiner, Maximilian"]
[Result "1/2-1/2"]
[Termination "normal"]
[Board "15"]
[WhiteElo "1382"]
[BlackElo "1195"]
[PlyCount "41"]
[WhiteFideId "24686107"]
[BlackFideId "16202201"]
[EventCountry "GER"]
[EventRounds "9"]
[EventType "swiss"]
[EventDate "2013.05.18"]

1. e4 e5 2. Nf3 Nc6 3. d4 exd4 4. Bc4 Bc5 5. c3 Nf6 6. e5 Ng8 7. cxd4 Bb4+ 8.
Bd2 Bxd2+ 9. Nbxd2 d6 10. O-O Nge7 11. Re1 O-O 12. Ng5 Nf5 13. Qh5 Nh6 14. e6
Qf6 15. exf7+ Kh8 16. Re8 Bg4 17. Rxa8 Rxa8 18. Qh4 Qxd4 19. Re1 Ne5 20. Ne6
Qxd2 21. Rxe5 1/2-1/2

[Event "ODEM U25B 2013"]
[Site "Oberhof GER"]
[Date "2013.05.25"]
[Round "9"]
[White "Hinrichs, Niklas"]
[Black "Dathe, Frederick"]
[Result "1-0"]
[Termination "normal"]
[Board "16"]
[WhiteElo "1373"]
[BlackElo "1233"]
[PlyCount "63"]
[WhiteFideId "12942499"]
[BlackFideId "12963070"]
[EventCountry "GER"]
[EventRounds "9"]
[EventType "swiss"]
[EventDate "2013.05.18"]

1. d4 Nf6 2. c4 g6 3. Nc3 Bg7 4. Nf3 d6 5. Bg5 O-O 6. e3 Nc6 7. Bd3 e5 8. dxe5
dxe5 9. O-O Qd6 10. Bxf6 Qxf6 11. Nd2 Qd8 12. Nb3 f5 13. Be2 Qe8 14. a3 Ne7 15.
Nb5 Qc6 16. Na5 Qb6 17. b4 c6 18. c5 Qd8 19. Bc4+ Kh8 20. Qxd8 Rxd8 21. Nd6 Rf8
22. Naxb7 Bxb7 23. Nxb7 g5 24. f3 Nc8 25. Rad1 Bf6 26. Nd6 Nxd6 27. Rxd6 Rac8
28. Rfd1 a5 29. Rb1 a4 30. Rbd1 h5 31. Re6 Rc7 32. Rdd6 1-0

[Event "ODEM U25B 2013"]
[Site "Oberhof GER"]
[Date "2013.05.25"]
[Round "9"]
[White "Hausdorf, Lars"]
[Black "Bajorski, Marius"]
[Result "1-0"]
[Termination "normal"]
[Board "17"]
[WhiteElo "1348"]
[BlackElo "1136"]
[PlyCount "98"]
[WhiteFideId "16200390"]
[BlackFideId "12938831"]
[EventCountry "GER"]
[EventRounds "9"]
[EventType "swiss"]
[EventDate "2013.05.18"]

1. e4 e5 2. Nf3 Nc6 3. Nc3 Nf6 4. a3 d5 5. Bb5 Bg4 6. d3 dxe4 7. dxe4 Qxd1+ 8.
Kxd1 O-O-O+ 9. Ke1 Nd4 10. Nxd4 Rxd4 11. f3 Bh5 12. Be3 Rd8 13. Kf2 b6 14. Rhd1
Be7 15. b4 Rxd1 16. Rxd1 Rd8 17. Ba6+ Kb8 18. Rxd8+ Bxd8 19. Nd5 Nxd5 20. exd5
f6 21. c4 Bg6 22. Ke2 e4 23. f4 f5 24. Bd4 Bf6 25. Bxf6 gxf6 26. c5 Be8 27. Ke3
Bf7 28. d6 cxd6 29. cxd6 Be8 30. g4 Bd7 31. gxf5 Bxf5 32. h4 h5 33. Kd4 Ka8 34.
Be2 Kb7 35. Kd5 Kc8 36. Bxh5 Kd7 37. Bd1 Bh7 38. Ba4+ Kd8 39. Bb5 f5 40. h5 Kc8
41. h6 Kd8 42. Ke5 a5 43. Kf6 e3 44. Kg7 e2 45. Bxe2 axb4 46. axb4 Ke8 47. Kxh7
Kf7 48. d7 b5 49. d8=Q Ke6 1-0

[Event "ODEM U25B 2013"]
[Site "Oberhof GER"]
[Date "2013.05.25"]
[Round "9"]
[White "Bergauz, Igal"]
[Black "Thumm, Niklas"]
[Result "1-0"]
[Termination "normal"]
[Board "18"]
[WhiteElo "1184"]
[BlackElo "1330"]
[PlyCount "69"]
[WhiteFideId "12977284"]
[BlackFideId "12918733"]
[EventCountry "GER"]
[EventRounds "9"]
[EventType "swiss"]
[EventDate "2013.05.18"]

1. e4 e5 2. Nf3 Nc6 3. d4 exd4 4. Nxd4 Nf6 5. Nxc6 bxc6 6. Bd3 Bc5 7. Nc3 d5 8.
exd5 cxd5 9. O-O O-O 10. Bg5 h6 11. Bxf6 Qxf6 12. Nxd5 Qe5 13. Nc3 Bb7 14. Qg4
Bd6 15. Qg3 Qh5 16. Qh3 Qxh3 17. gxh3 Bc5 18. Ne4 Bb6 19. h4 f5 20. Ng3 f4 21.
Ne4 Rae8 22. Rfe1 Re6 23. Bc4 Rfe8 24. Bxe6+ Rxe6 25. a4 Rg6+ 26. Ng3 Bc5 27.
Re5 Bd6 28. Rf5 fxg3 29. hxg3 Be4 30. Rb5 Bxc2 31. Rb7 Be4 32. Rxa7 Bc5 33.
Rxc7 Rxg3+ 34. Kh2 Bd6 35. Rc8+ 1-0

[Event "ODEM U25B 2013"]
[Site "Oberhof GER"]
[Date "2013.05.25"]
[Round "9"]
[White "Schrader, Alia"]
[Black "Wiemann, Daniel"]
[Result "1-0"]
[Termination "normal"]
[Board "19"]
[WhiteElo "1311"]
[BlackElo "1457"]
[PlyCount "87"]
[WhiteFideId "16270312"]
[BlackFideId "12942944"]
[EventCountry "GER"]
[EventRounds "9"]
[EventType "swiss"]
[EventDate "2013.05.18"]

1. e4 e5 2. Nf3 Nc6 3. Nc3 Nf6 4. d4 exd4 5. Nxd4 Bc5 6. Be3 O-O 7. Nxc6 bxc6
8. Bxc5 d6 9. Be3 Re8 10. Bd3 d5 11. exd5 Nxd5 12. Nxd5 cxd5 13. O-O c6 14. Re1
h6 15. Qd2 Qf6 16. c3 Rb8 17. Bxa7 Be6 18. Bxb8 Rxb8 19. Rab1 c5 20. b4 c4 21.
Be2 Qd8 22. Bf3 Rb5 23. a4 Rb8 24. Ra1 Qd7 25. Reb1 Ra8 26. b5 Qb7 27. a5 Qc7
28. b6 Qb7 29. Rb5 Rd8 30. Qb2 Ra8 31. Qa3 Ra6 32. Qc5 Ra8 33. Bxd5 Bxd5 34.
Qxd5 Qxd5 35. Rxd5 Kf8 36. a6 Re8 37. h3 f6 38. a7 g5 39. a8=Q Rxa8 40. Rxa8+
Kf7 41. b7 Kg6 42. b8=Q Kh5 43. g4+ Kh4 44. Qg3# 1-0

[Event "ODEM U25B 2013"]
[Site "Oberhof GER"]
[Date "2013.05.25"]
[Round "9"]
[White "Müdder, Melanie"]
[Black "Kovac, Linda"]
[Result "0-1"]
[Termination "normal"]
[Board "21"]
[WhiteElo "712"]
[BlackElo "1250"]
[PlyCount "76"]
[WhiteFideId "12994103"]
[BlackFideId "12938815"]
[EventCountry "GER"]
[EventRounds "9"]
[EventType "swiss"]
[EventDate "2013.05.18"]

1. e4 c5 2. c3 g6 3. d4 Bg7 4. Nf3 b6 5. Bd3 Nc6 6. d5 Ne5 7. Nxe5 Bxe5 8. O-O
Bg7 9. Bf4 d6 10. Re1 Nf6 11. Qd2 O-O 12. Bh6 e6 13. Bxg7 Kxg7 14. c4 Re8 15.
Nc3 Ng4 16. h3 Ne5 17. Be2 f5 18. f4 Nf7 19. Bf3 e5 20. Re2 Qh4 21. Rae1 exf4
22. exf5 Rxe2 23. Rxe2 Bxf5 24. Ne4 Ne5 25. Qc3 Bxe4 26. Bxe4 Kg8 27. Rf2 Rf8
28. b4 cxb4 29. Qxb4 Rd8 30. a4 g5 31. a5 bxa5 32. Qxa5 Rc8 33. Qxa7 Rxc4 34.
Qb8+ Kg7 35. Bf5 Rc1+ 36. Rf1 Nf3+ 37. gxf3 Qg3+ 38. Kh1 Rxf1# 0-1

[Event "ODEM U25B 2013"]
[Site "Oberhof GER"]
[Date "2013.05.25"]
[Round "9"]
[White "Vuckovic, Robert"]
[Black "Schmidt, Alexandra"]
[Result "1/2-1/2"]
[Termination "normal"]
[Board "22"]
[WhiteElo "944"]
[BlackElo "1512"]
[PlyCount "141"]
[WhiteFideId "12998680"]
[BlackFideId "12946036"]
[EventCountry "GER"]
[EventRounds "9"]
[EventType "swiss"]
[EventDate "2013.05.18"]

1. e4 e6 2. d4 d5 3. e5 c5 4. c3 Nc6 5. Nf3 Qb6 6. Bd3 Bd7 7. dxc5 Bxc5 8. O-O
Nge7 9. b4 Nxb4 10. cxb4 Bd4 11. Be3 Bxe3 12. fxe3 Qxe3+ 13. Kh1 O-O 14. Qb3
Qb6 15. Nc3 Nc6 16. b5 Nd4 17. Nxd4 Qxd4 18. Rad1 Qxe5 19. Rfe1 Qc7 20. Rc1
Rfc8 21. Ne2 Qb6 22. Rxc8+ Rxc8 23. Rd1 Rc5 24. a4 a6 25. Qa3 a5 26. Qb2 Qc7
27. Rc1 Rxc1+ 28. Qxc1 Qxc1+ 29. Nxc1 h6 30. Nb3 b6 31. Kg1 Kf8 32. Kf2 Ke7 33.
Ke3 e5 34. Nd2 Kf6 35. Be2 Bf5 36. Bd3 Bxd3 37. Kxd3 Kf5 38. Ke3 g5 39. Nf3 g4
40. Nh4+ Kg5 41. g3 f5 42. Ng2 h5 43. Kd3 f4 44. gxf4+ exf4 45. Kd4 f3 46. Ne3
h4 47. Nxd5 g3 48. hxg3 hxg3 49. Ke3 f2 50. Ke2 Kg4 51. Ne3+ Kf4 52. Ng2+ Ke4
53. Ne3 Kd4 54. Kf3 Kc3 55. Kxg3 Kb4 56. Kxf2 Kxa4 57. Ke2 Kxb5 58. Kd2 Ka4 59.
Kc1 Kb3 60. Kb1 b5 61. Nc2 b4 62. Nd4+ Kc3 63. Nb5+ Kc4 64. Nd6+ Kc3 65. Nb5+
Kc4 66. Nd6+ Kd5 67. Nb7 a4 68. Na5 b3 69. Kb2 Kd4 70. Nxb3+ axb3 71. Kxb3
1/2-1/2

[Event "ODEM U25B 2013"]
[Site "Oberhof GER"]
[Date "2013.05.25"]
[Round "9"]
[White "Riehle, Fabio"]
[Black "Fischer, Elias"]
[Result "1/2-1/2"]
[Termination "normal"]
[Board "23"]
[WhiteElo "1167"]
[BlackElo "1452"]
[PlyCount "82"]
[WhiteFideId "36052140"]
[BlackFideId "12963305"]
[EventCountry "GER"]
[EventRounds "9"]
[EventType "swiss"]
[EventDate "2013.05.18"]

1. e4 e6 2. d4 d5 3. exd5 exd5 4. c4 Nf6 5. Nc3 c6 6. Bd3 Be6 7. b3 Bb4 8. Bd2
dxc4 9. bxc4 Qxd4 10. Qc2 Bxc4 11. Bxc4 Qxc4 12. Nge2 O-O 13. O-O Re8 14. Rac1
Na6 15. Rfe1 Rad8 16. Bg5 Qe6 17. a4 Qe5 18. Bf4 Qa5 19. h3 Bxc3 20. Nxc3 Rxe1+
21. Rxe1 Nd5 22. Qe4 Nf6 23. Qe3 Qc5 24. Ne4 Qxe3 25. Nxf6+ gxf6 26. Rxe3 h5
27. Re7 Nc5 28. Be3 Nxa4 29. Rxb7 a5 30. Ra7 Nb2 31. Bb6 Rd1+ 32. Kh2 a4 33.
Ra6 Rd5 34. Bc7 Rc5 35. Bd6 Rc2 36. f3 c5 37. Kg3 c4 38. Ba3 c3 39. Bb4 Rc1 40.
Rc6 Kg7 41. Bxc3 Nd3 1/2-1/2

[Event "ODEM U25B 2013"]
[Site "Oberhof GER"]
[Date "2013.05.25"]
[Round "9"]
[White "Weiten, Anna"]
[Black "Klinkhammer, Christopher"]
[Result "1-0"]
[Termination "normal"]
[Board "24"]
[WhiteElo "1143"]
[BlackElo "1279"]
[PlyCount "99"]
[WhiteFideId "12938203"]
[BlackFideId "12925020"]
[EventCountry "GER"]
[EventRounds "9"]
[EventType "swiss"]
[EventDate "2013.05.18"]

1. e4 e5 2. Nf3 d6 3. Bc4 Be7 4. Nc3 Nc6 5. d3 Nf6 6. h3 Na5 7. Bb3 Nxb3 8.
axb3 h6 9. O-O O-O 10. Nh2 d5 11. f4 exf4 12. Bxf4 dxe4 13. dxe4 Bc5+ 14. Kh1
Bb6 15. Qf3 c6 16. Rad1 Qe7 17. Bd6 Qe8 18. Bxf8 Qxf8 19. Rfe1 Be6 20. Nf1 Rd8
21. Ng3 Rxd1 22. Rxd1 Qc8 23. Nf5 Bxf5 24. Qxf5 Qxf5 25. exf5 Kf8 26. g4 Ke7
27. Kg2 g5 28. Kf3 Bc5 29. Ne4 Nxe4 30. Kxe4 f6 31. Kf3 Bd6 32. c3 Be5 33. Rd3
Bd6 34. Ke2 Kd7 35. Re3 Bc5 36. Re4 Bd6 37. Kd3 b5 38. c4 b4 39. Rd4 c5 40. Rd5
Kc6 41. Ke4 Kd7 42. Rd1 Kc6 43. Ra1 Kb6 44. Kd5 Be5 45. Re1 Bxb2 46. Re6+ Kc7
47. Kxc5 Bc3 48. Re7+ Kb8 49. Kc6 Be5 50. Re8# 1-0